000 00986nam a22003257a 4500
003 CHAP
005 20220817042148.0
008 971013s1967 r 00010 d
010 _a36401
011 _a37373
035 _a41493
040 _cCHAP
082 _a636.08676
_bF3
110 _aFAO
245 _aEast African livestock survey
_b: regional Kenya, Tanzania, Uganda
260 _aRoma :
_bFAO,
_c1967
300 _a3 v.
490 _aFAO/SF: 21 Reg.
500 _aLa biblioteca tiene: v.1, v.2
590 _aBATCH-UPD
_b10
_c20130110
_lUCH01
_h2116
590 _aBATCH-UPD
_b10
_c20130410
_lUCH01
_h1426
590 _aBATCH-UPD
_b10
_c20130914
_lUCH01
_h1457
590 _aCONVERSION
_b10
_c20130109
_lUCH01
_h1320
650 1 4 _aGanaderĂ­a
_xAfrica.
_944605
830 0 _aFAO/SF: 21 Reg.
_939731
901 _aBK
942 _cLIBRO
949 _a636.08676 F3
_bBC
_cFAO
_d-95112
_eFAO1
_h60547
_i41493
_si
949 _a636.08676 F3
_bBC
_cFAO
_d-95113
_eFAO2
_fc.2
_h12309
_i41493
_si
999 _c36401
_d36401